les 10 meilleurs joueurs de foot par pays (France) - Statistiques

Statistiques générales
  • Ce quiz a été pris 6 102 fois
  • Le résultat moyen est 7 sur 10
Statistiques - réponses
Hint Réponse % Correct
8- PSG (2018-) Kylian Mbappé
95%
1- Real Madrid (2001-2006) Zinédine Zidane
94%
6- Atlético Madrid (2014-2019) Antoine Griezmann
88%
4- Arsenal (1999-2007) Thierry Henry
84%
7- Real Madrid (2009-2023) Karim Benzema
82%
2- Juventus (1982-1987) Michel Platini
71%
9- Juventus (1994-1999) Didier Deschamps
46%
5- Stade de Reims (1956-1962) Just Fontaine
44%
3- Stade de Reims (1959-1968) Raymond Kopa
41%
10- AS Monaco (1990-1996) Lilian Thuram
31%
Aucun quiz correspondant
Distribution des résultats
% des personnes avec chaque résultat
Percentile par nombre de réponses
Votre historique - résultats
Vous n’avez pas pris ce quiz